000 00301nam a2200109Ia 4500
008 230907s9999||||xx |||||||||||||| ||und||
082 _a620.5
_bNAN
245 0 _aNanotechnology and nanoelectronics :
260 _aSpringer-Verlag,
_bBerlin ; | New York :
_c2005
300 _axvi, 269 p. :
942 _cBK
999 _c598495
_d598495